Modern Infectious Disease Epidemiology (Record no. 313)

MARC details
000 -LEADER
fixed length control field 00991cam a22003374a 4500
001 - CONTROL NUMBER
control field 12870443
003 - CONTROL NUMBER IDENTIFIER
control field OSt
005 - DATE AND TIME OF LATEST TRANSACTION
control field 20170215192313.0
008 - FIXED-LENGTH DATA ELEMENTS--GENERAL INFORMATION
fixed length control field 020725s2002 enka b 001 0 eng c
010 ## - LIBRARY OF CONGRESS CONTROL NUMBER
LC control number 2002284687
015 ## - NATIONAL BIBLIOGRAPHY NUMBER
National bibliography number GBA1-X2824
016 7# - NATIONAL BIBLIOGRAPHIC AGENCY CONTROL NUMBER
Record control number 101134930
Source DNLM
020 ## - INTERNATIONAL STANDARD BOOK NUMBER
International Standard Book Number 0340764236
035 ## - SYSTEM CONTROL NUMBER
System control number (OCoLC)ocm49011316
040 ## - CATALOGING SOURCE
Original cataloging agency NLM
Transcribing agency NLM
Modifying agency CUY
-- DLC
042 ## - AUTHENTICATION CODE
Authentication code pcc
050 00 - LIBRARY OF CONGRESS CALL NUMBER
Classification number RA651
Item number .G54 2002
060 00 - NATIONAL LIBRARY OF MEDICINE CALL NUMBER
Classification number 2001 O-432
082 04 - DEWEY DECIMAL CLASSIFICATION NUMBER
Classification number WA105 G365m 2002
100 1# - MAIN ENTRY--PERSONAL NAME
Personal name Giesecke, Johan.
9 (RLIN) 823
245 10 - TITLE STATEMENT
Title Modern Infectious Disease Epidemiology
250 ## - EDITION STATEMENT
Edition statement 2nd ed.
260 ## - PUBLICATION, DISTRIBUTION, ETC. (IMPRINT)
Name of publisher, distributor, etc. UK;
Date of publication, distribution, etc. Arnold,
Place of publication, distribution, etc. 2002
300 ## - PHYSICAL DESCRIPTION
Extent xi, 268 p. :
Other physical details ill. ;
Dimensions 20 cm.
504 ## - BIBLIOGRAPHY, ETC. NOTE
Bibliography, etc Includes bibliographical references and index.
650 #0 - SUBJECT ADDED ENTRY--TOPICAL TERM
Topical term or geographic name as entry element Infectious diseases
9 (RLIN) 824
650 22 - SUBJECT ADDED ENTRY--TOPICAL TERM
Topical term or geographic name as entry element Epidemiology
9 (RLIN) 826
856 41 - ELECTRONIC LOCATION AND ACCESS
Materials specified Table of contents only
Uniform Resource Identifier http://www.loc.gov/catdir/enhancements/fy0614/2002284687-t.html
906 ## - LOCAL DATA ELEMENT F, LDF (RLIN)
a 7
b cbc
c pccadap
d 2
e ncip
f 20
g y-gencatlg
942 ## - ADDED ENTRY ELEMENTS (KOHA)
Source of classification or shelving scheme Other/Generic Classification Scheme
Koha item type Book Bank
Holdings
Withdrawn status Lost status Source of classification or shelving scheme Damaged status Not for loan Home library Current library Date acquired Source of acquisition Inventory number Total Checkouts Full call number Barcode Date last seen Koha item type
    Other/Generic Classification Scheme     MUST Main Library MUST Main Library 05/08/2014   14/37398   WA105 G365m 2002 2014-1745 05/08/2014 Book Bank
    Other/Generic Classification Scheme     MUST Main Library MUST Main Library 05/08/2014   14/37397   WA105 G365m 2002 2014-1746 05/08/2014 Book Bank
    Other/Generic Classification Scheme     MUST Main Library MUST Main Library 05/08/2014   14/37396   WA105 G365m 2002 2014-1747 05/08/2014 Book Bank
    Other/Generic Classification Scheme     MUST Main Library MUST Main Library 05/08/2014   14/37400   WA105 G365m 2002 2014-1748 05/08/2014 Book Bank
    Other/Generic Classification Scheme     MUST Main Library MUST Main Library 05/08/2014   14/37399   WA105 G365m 2002 2014-1749 05/08/2014 Book Bank
    Other/Generic Classification Scheme     MUST Main Library MUST Main Library 15/07/2016   06/26293   WA105 G365m 2002 2016-3185 15/07/2016 Open Shelf